<?xml version='1.0' encoding='UTF-8'?>
  <record xmlns="http://www.loc.gov/MARC21/slim">
    <leader>00000cam a22000007i 4500</leader>
    <controlfield tag="001">ocm66043877</controlfield>
    <controlfield tag="003">OCoLC</controlfield>
    <controlfield tag="005">20250213132823.3</controlfield>
    <controlfield tag="008">931008s1583    xx            000 0 ger d</controlfield>
    <datafield tag="040" ind1=" " ind2=" ">
      <subfield code="a">NLGGC</subfield>
      <subfield code="b">dut</subfield>
      <subfield code="e">fobidrtb</subfield>
      <subfield code="c">NLGGC</subfield>
    </datafield>
    <datafield tag="029" ind1="0" ind2=" ">
      <subfield code="a">NLGGC</subfield>
      <subfield code="b">11120173X</subfield>
    </datafield>
    <datafield tag="035" ind1=" " ind2=" ">
      <subfield code="a">(OCoLC)66043877</subfield>
    </datafield>
    <datafield tag="245" ind1="0" ind2="0">
      <subfield code="a">Copey dreier der römischer keiserlicher Maiestat schreiben. Daß erste, an Hertzog Johan Casimir Pfaltzgraffen ... Daß zweitte, an alle Obristen, Rittmeister vnd Befelchhaber, so sich in jetzige gegen daß Ertzstifft Cölln Kriegsrüstung bey dem abgesatzten Truchsessen ... mit Bestallung eingelassen. Zum Beschlus dieses zweiten keyserlichen Schreibens, folgen dero Graffen vnd herrn Namen, welchen sölcher Beuelch ... insinuirt worden. Daß dritte, an die negstgelegene Creiß Obristen.</subfield>
    </datafield>
    <datafield tag="260" ind1=" " ind2=" ">
      <subfield code="a">[S.l. :</subfield>
      <subfield code="b">s.n.],</subfield>
      <subfield code="c">1583.</subfield>
    </datafield>
    <datafield tag="300" ind1=" " ind2=" ">
      <subfield code="a">[8] p. ;</subfield>
      <subfield code="c">in-4.</subfield>
    </datafield>
    <datafield tag="336" ind1=" " ind2=" ">
      <subfield code="a">tekst</subfield>
      <subfield code="b">txt</subfield>
      <subfield code="2">rdacontent/dut</subfield>
    </datafield>
    <datafield tag="337" ind1=" " ind2=" ">
      <subfield code="a">zonder medium</subfield>
      <subfield code="b">n</subfield>
      <subfield code="2">rdamedia/dut</subfield>
    </datafield>
    <datafield tag="338" ind1=" " ind2=" ">
      <subfield code="a">band</subfield>
      <subfield code="b">nc</subfield>
      <subfield code="2">rdacarrier/dut</subfield>
    </datafield>
    <datafield tag="500" ind1=" " ind2=" ">
      <subfield code="a">A 4.</subfield>
    </datafield>
    <datafield tag="500" ind1=" " ind2=" ">
      <subfield code="a">Titelvignet met spreuk: Labore et Indvstria.</subfield>
    </datafield>
    <datafield tag="510" ind1="0" ind2=" ">
      <subfield code="a">Van Alphen 24</subfield>
    </datafield>
    <datafield tag="776" ind1="0" ind2=" ">
      <subfield code="t">Copey dreier der römischer keiserlicher Maiestat schreiben. Daß erste, an Hertzog Johan Casimir Pfaltzgraffen ... Daß zweitte, an alle Obristen, Rittmeister vnd Befelchhaber, so sich in jetzige gegen daß Ertzstifft Cölln Kriegsrüstung bey dem abgesatzten Truchsessen ... mit Bestallung eingelassen. Zum Beschlus dieses zweiten keyserlichen Schreibens, folgen dero Graffen vnd herrn Namen, welchen sölcher Beuelch ... insinuirt worden. Daß dritte, an die negstgelegene Creiß Obristen</subfield>
      <subfield code="w">(NL-LeOCL)337018421</subfield>
    </datafield>
    <datafield tag="936" ind1=" " ind2=" ">
      <subfield code="a">BATCHLOAD</subfield>
    </datafield>
  </record>